The song of Achilles / (Record no. 6004)

MARC details
000 -LEADER
fixed length control field 01421cam a2200373 a 4500
001 - CONTROL NUMBER
control field 6004
003 - CONTROL NUMBER IDENTIFIER
control field FISKH
005 - DATE AND TIME OF LATEST TRANSACTION
control field 20250528085147.0
008 - FIXED-LENGTH DATA ELEMENTS--GENERAL INFORMATION
fixed length control field 120503s2012 nyu 000 1 eng d
010 ## - LIBRARY OF CONGRESS CONTROL NUMBER
LC control number 2011275637
020 ## - INTERNATIONAL STANDARD BOOK NUMBER
International Standard Book Number 9780062060617
020 ## - INTERNATIONAL STANDARD BOOK NUMBER
International Standard Book Number 0062060619
020 ## - INTERNATIONAL STANDARD BOOK NUMBER
International Standard Book Number 9780062060624
Terms of availability $15.00
020 ## - INTERNATIONAL STANDARD BOOK NUMBER
International Standard Book Number 0062060627
040 ## - CATALOGING SOURCE
Original cataloging agency UPZ
Transcribing agency UPZ
Modifying agency BTCTA
-- YDXCP
-- BDX
-- ZS3
-- BWX
-- DRB
-- VP@
-- DLC
Language of cataloging eng
050 ## - LIBRARY OF CONGRESS CALL NUMBER
Classification number PS3613.I5445 S65
082 ## - DEWEY DECIMAL CLASSIFICATION NUMBER
Classification number 813.6
100 1# - MAIN ENTRY--PERSONAL NAME
Personal name Miller, Madeline.
245 14 - TITLE STATEMENT
Title The song of Achilles /
Statement of responsibility, etc. Madeline Miller.
260 ## - PUBLICATION, DISTRIBUTION, ETC.
Place of publication, distribution, etc. New York :
Name of publisher, distributor, etc. Ecco,
Date of publication, distribution, etc. 2012.
300 ## - PHYSICAL DESCRIPTION
Extent 378, 30 pages :
Dimensions illustration ;
Other physical details 21 cm
500 ## - GENERAL NOTE
General note Includes a character glossary.
520 ## - SUMMARY, ETC.
Summary, etc. Patroclus, an awkward young prince, follows Achilles into war, little knowing that the years that follow will test everything they have learned, everything they hold dear. And that, before he is ready, he will be forced to surrender his friend to the hands of Fate. Set during the Trojan War.
600 00 - SUBJECT ADDED ENTRY--PERSONAL NAME
Personal name Achilles
Titles and other words associated with a name (Mythological character)
Form subdivision Fiction.
650 #0 - SUBJECT ADDED ENTRY--TOPICAL TERM
Topical term or geographic name entry element Trojan War
Form subdivision Fiction.
650 #0 - SUBJECT ADDED ENTRY--TOPICAL TERM
Topical term or geographic name entry element Greeks
Geographic subdivision Turkey
Form subdivision Fiction.
651 #0 - SUBJECT ADDED ENTRY--GEOGRAPHIC NAME
Geographic name Troy (Extinct city)
Form subdivision Fiction.
651 #0 - SUBJECT ADDED ENTRY--GEOGRAPHIC NAME
Geographic name Greece
General subdivision History
Chronological subdivision To 146 B.C.
Form subdivision Fiction.
655 #7 - INDEX TERM--GENRE/FORM
Genre/form data or focus term War stories.
Source of term gsafd
655 #7 - INDEX TERM--GENRE/FORM
Genre/form data or focus term Historical fiction.
Source of term gsafd
906 ## - LOCAL DATA ELEMENT F, LDF (RLIN)
a 7
b cbc
c copycat
d 2
e ncip
f 20
g y-gencatlg
942 ## - ADDED ENTRY ELEMENTS (KOHA)
Source of classification or shelving scheme Dewey Decimal Classification
Koha item type Books
Suppress in OPAC No
Holdings
Withdrawn status Lost status Source of classification or shelving scheme Damaged status Not for loan Collection Home library Current library Shelving location Date acquired Total Checkouts Full call number Barcode Date last seen Copy number Price effective from Koha item type Date last checked out
    Dewey Decimal Classification     Fiction Footprints International School Library Network Toul Kork Campus Footprints International School Library Network Toul Kork Campus A TK Campus, 4th Floor, Room B401, Fiction Bookcases (1-6) 02/20/2025   MIL 813.6 PS3613.I5445 S65 2025-0633 02/20/2025 1 02/20/2025 Books  
    Dewey Decimal Classification     Fiction Footprints International School Library Network Toul Tom Poung Campus Footprints International School Library Network Toul Tom Poung Campus TTP Secondary Fiction Bookshelves 02/20/2025 2 MIL 813.6 PS3613.I5445 S65 2025-0634 12/19/2025 2 02/20/2025 Books 07/15/2025